000 00437nam a2200157Ia 4500
008 230917s9999||||xx |||||||||||||| ||und||
040 _e100889
_aMAIN
041 _aEnglish
082 _a346.0486 A67U(2)
100 _aArora, Manish
245 0 _aUniversal's guide to ne patents law including the patent rules, 2003
250 _a2nd ed.
260 _aDelhi
_bUniversal Law Publishing
_c2003
300 _axxii, 507 p.
942 _cBK
999 _c116261
_d116261